वक्तृत्व व ते कसे शिकावे. (Record no. 772819)

MARC details
000 -LEADER
fixed length control field 00716nam a2200181Ia 4500
008 - FIXED-LENGTH DATA ELEMENTS--GENERAL INFORMATION
fixed length control field 100921s9999 xx 000 0 und d
082 ## - DEWEY DECIMAL CLASSIFICATION NUMBER
Item number 23706
Classification number 808.5 थ 28
100 ## - MAIN ENTRY--PERSONAL NAME
Personal name केळकर ना.रा.
245 ## - TITLE STATEMENT
Title वक्तृत्व व ते कसे शिकावे.
260 ## - PUBLICATION, DISTRIBUTION, ETC. (IMPRINT)
Name of publisher, distributor, etc किर्लोस्कर खबर,किर्लोस्करवाडी.
Date of publication, distribution, etc 1928
300 ## - PHYSICAL DESCRIPTION
Extent 71
Other physical details ---
365 ## - TRADE PRICE
Price amount 0.36
520 ## - SUMMARY, ETC.
Summary, etc ललित-भाषणकला.
630 ## - SUBJECT ADDED ENTRY--UNIFORM TITLE
Uniform title वक्तृत्व व ते कसे शिकावे.
650 ## - SUBJECT ADDED ENTRY--TOPICAL TERM
Topical term or geographic name as entry element ललित-भाषणकला.
730 ## - ADDED ENTRY--UNIFORM TITLE
Uniform title वक्तृत्व व ते कसे शिकावे.
942 ## - ADDED ENTRY ELEMENTS (KOHA)
Koha item type Book
Holdings
Withdrawn status Lost status Damaged status Not for loan Home library Current library Shelving location Date acquired Cost, normal purchase price Total Checkouts Barcode Date last seen Price effective from Koha item type Public note
      Added to bundle Lo. Tilak Granthasangrahalaya, Wai Lo. Tilak Granthasangrahalaya, Wai     0.36   WAITILAKGS-23706 09/21/2010 09/21/2010 Book संदर्भ